000 00989nam a2200253Ia 4500
003 OSt
005 20220923225532.0
006 a|||||r|||| 00| 0
007 ta
008 220922b |||||||| |||| 00| 0 urd d
024 _a270,608
037 _cTextual
040 _aARTS
_cARTS
_burd
041 _2urd
_aurd
082 _aO168,6M96x, 152P7
100 _aगोरखपुरी, फिराक; द्विवेदी, रमेश चन्द्र, अनु.
_9168684
245 0 _aहमारा सबसे बड़ा दुश्मन
246 _aHamārā sabase baड़ā dushhina
260 _aनयी दिल्ली
_b वाणी प्रकाशन
_c2007
300 _a79पृ0
_ccm.
650 _aउर्दू साहित्य
942 _hO168,6M96x, 152P7
_cTEXL
_2CC
999 _c378913
_d378913